01023nam a22002657a 45000010005000000030006000050050017000110080041000280200017000690400029000860500017001150820011001321000024001432450077001672600051002443000050002954900025003455050008003705200248003785210020006265210020006466500030006666500028006967000033007249428FISKH20260106142210.0260106b cb ||||| |||| 00| 0 eng d a076783003996 aFISKHbengcFISKHdFISKH aPZ7.T21723 M a813.54 aTaylor , Mildred D. aMississippi Bridge /cBy Mildred D. Taylor : Illustrated by Max Ginsburg aNew York : bA Bantam Skylark Book , c1990 .  a62​​ pages : billustrations ; c19 cm .  aLogan Family v(4.5) aT  aDuring a heavy rainstorm in 1930s rural Mississippi, a ten-year-old white boy sees a bus driver order all the black passengers off a crowded bus to make room for late-arriving white passengers and then set off across the raging Rosa Lee River.8 a810 bLexile 8 aT bRaz-Plus  aGreat DepressionvFiction aRace relationsvFiction aGinsburg , MaxeIllustrator